000
00217 a2200097 4500
001
43579
100
_a
Turner
245
_a
Modern english composition
260
_a
Karachi
_b
Oxpordwin press
_c
090
_c
27395
_d
27395
942
_a
NUST-CAE
_c
M
_c
19330
999
_c
278652
_d
278652